000 00709nam a2200217Ia 4500
003 GCL
008 140319s9999 xx 000 0 ara d
040 _aGCL /
_cGCL
082 0 4 _a811.84
_bا د
100 1 _aاحمد محرم
245 1 0 _aديوان محرم الاخوانيات والتهانى والمساجلات /
_cاحمد محرم
700 1 _aمحمود احمد محرم
260 _a[S.N] :
_bمكتبة الفلاح ،
_c1988
300 _a496 ص
490 _a
650 0 4 _aالشعر العربى
650 0 4 _aالادب العربى
650 0 4 _aدواوين وقصائد
650 0 4 _aالعالم العربى - تاريخ - العصر العثمانى
942 _2ddc
_cBK
999 _c30236
_d30236